Sports Quiz

Random Sports Quiz

England ODI Cricketers since 2010 Quiz Stats

 Plays Quiz not verified by Sporcle

Score 0/51 Timer 13:00
0 Plays Today
Matches Name % Correct
69James Anderson
97.8%
67Alastair Cook
97.4%
61Stuart Broad
97.2%
78Ian Bell
95.7%
41Kevin Pietersen
94.7%
115Eoin Morgan
94.5%
50Graeme Swann
94.3%
28Alex Hales
91.8%
16Matt Prior
91.3%
31Moeen Ali
90.5%
64Joe Root
90.4%
20Jason Roy
89.6%
28Andrew Strauss
89.2%
64Jonathan Trott
88.4%
64Jos Buttler
88.2%
24Paul Collingwood
88%
58Steven Finn
87.2%
65Ravi Bopara
86.8%
11Jonny Bairstow
86%
20Adil Rashid
85.9%
67Tim Bresnan
78.9%
38Ben Stokes
78.1%
24Chris Jordan
77.5%
46Craig Kieswetter
77.4%
44James Tredwell
76.6%
38Chris Woakes
75.8%
Matches Name % Correct
8Mark Wood
74%
14Gary Ballance
71.1%
13David Willey
70.6%
6Chris Tremlett
70.3%
25Samit Patel
66.7%
22Luke Wright
64.8%
7Liam Plunkett
64.8%
3Michael Lumb
63.2%
21James Taylor
63%
24Jade Dernbach
61.8%
5Sam Billings
61.3%
6Michael Carberry
61%
1James Vince
60.2%
1Ryan Sidebottom
59.3%
7Boyd Rankin
57.8%
22Michael Yardy
53.5%
11Ajmal Shahzad
50.4%
2Scott Borthwick
47.8%
7Steven Davies
45.3%
10Reece Topley
44.6%
10Harry Gurney
37.4%
1Danny Briggs
37%
2Stephen Parry
35.4%
1Zafar Ansari
33.1%
2Stuart Meaker
32.1%

You're not logged in!

Compare scores with friends on all Sporcle quizzes.
OR
Log In

You Might Also Like...

Show Comments

Extras

Top Quizzes Today


Score Distribution

Your Account Isn't Verified!

In order to create a playlist on Sporcle, you need to verify the email address you used during registration. Go to your Sporcle Settings to finish the process.

Report this User

Report this user for behavior that violates our Community Guidelines.

Details: